Vents en català - Statistics

General Stats
  • This quiz has been taken 61 times
  • The average score is 5 of 8
Answer Stats
Direcció (Ve del ...) Vent % Correct
Nord Tramuntana
93%
Est Llevant
72%
Oest Ponent
72%
Nord-oest Mestral
70%
Sud Migjorn
63%
Sud-oest Garbí
58%
Nord-est Gregal
58%
Sud-est Xaloc
56%
No matching quizzes found
Score Distribution
Percent of People with Each Score
Percentile by Number Answered
Your Score History
You have not taken this quiz